000 00666nam a2200265Ia 4500
005 20260306172722.0
008 008 260114s9999 xx 000 0 eng d
020 _a9789354433788
037 _aEBOOK
040 _aCRL
040 _beng
040 _cCRL
041 _2eng
041 _aeng
084 _qCRL
100 _aGarg, Suresh , Ghosh, C. K. , Gupta, Sanjay
_91131245
245 0 _aOscillations And Waves
260 _bPHI
260 _c2024
650 _aFaculty of Technology/ Physics
_91131221
856 _uhttps://elibrary.phindia.com/ebooks/reader/9789354433788
942 _cEBOOK
999 _c1714884
_d1714884